Marine geology of the Pacific
Guardat en:
| Autor principal: | |
|---|---|
| Format: | Llibre |
| Idioma: | anglès |
| Publicat: |
Nueva York
McGraw-Hill
1964
|
| Col·lecció: | International Series in the Earth Sciences
|
| Matèries: | |
| Etiquetes: |
Afegir etiqueta
Sense etiquetes, Sigues el primer a etiquetar aquest registre!
|
MARC
| LEADER | 00000nam a2200000 a 4500 | ||
|---|---|---|---|
| 001 | UCX7483 | ||
| 003 | CL-VaPUC | ||
| 008 | 931213e19640000US |||||||||||||||||eng|d | ||
| 082 | 0 | 4 | |a 551.4608 |b MEN |2 21 |
| 100 | |a Menard, Henry William |e autor |9 324331 | ||
| 245 | 1 | 0 | |a Marine geology of the Pacific |
| 300 | |a 271 p | ||
| 942 | |c BK | ||
| 945 | |d 19931213 00:00:00 |a mfernand | ||
| 260 | |a Nueva York |b McGraw-Hill |c 1964 | ||
| 650 | 0 | |a Geología submarina |9 259962 | |
| 583 | |a last modification |c 19931213 00:00:00 |k Rodrigo Vera | ||
| 490 | 0 | |a International Series in the Earth Sciences | |
| 999 | |c 227291 |d 227289 | ||
| 952 | |0 0 |1 0 |2 ddc |4 0 |6 551_460800000000000_MEN_1964 |7 0 |8 CCM |9 226202 |a BIBCUR |b BIBCUR |c PAC |d 2019-11-15 |i 294779K |o 551.4608 MEN 1964 |p 294779K |r 2025-04-22 |w 2019-11-15 |y BK |k CIM | ||